Salsas That Cook : (Record no. 617780)

MARC details
000 -LEADER
fixed length control field 00463nam a2200193 a 4500
008 - FIXED-LENGTH DATA ELEMENTS--GENERAL INFORMATION
fixed length control field 260317s1998##################000#0#eng##
020 ## - INTERNATIONAL STANDARD BOOK NUMBER
ISBN 9780684856940
082 04 - DEWEY DECIMAL CLASSIFICATION NUMBER
Classification number 641.814
Item number BAY
100 1# - MAIN ENTRY--AUTHOR NAME
Personal name Bayless, Rick,
245 10 - TITLE STATEMENT
Title Salsas That Cook :
260 ## - PUBLICATION, DISTRIBUTION, ETC. (IMPRINT)
Name of publisher Simon and Schuster,
Year of publication 1998.
300 ## - PHYSICAL DESCRIPTION
Number of Pages 132 pages
650 #0 - SUBJECT ADDED ENTRY--TOPICAL TERM
Topical Term Cooking.
942 ## - ADDED ENTRY ELEMENTS (KOHA)
Koha item type English Books
Holdings
Withdrawn status Lost status Damaged status Not for loan Home library Current library Shelving location Date acquired Full call number Accession Number Price effective from Koha item type
        Anna Centenary Library Anna Centenary Library 6TH FLOOR, A WING 17.03.2026 641.814 BAY 447533 17.03.2026 English Books

Find us on the map